000 00607nam a2200145Ia 4500
008 151213s9999 xx 000 0 und d
100 _aআবু তাহের মজুমদারা
245 _aএরবার ক্রম্বিও সাহিত্য সমালোচন।
_cআবু তাহের মজুমদারা
260 _aঢাকা।
_bচাংলা একাডেমী।
_c1978
300 _a8688 p.
650 _aBangla
650 _aসমালোচনা গ্রন্থ।
700 _aআবু তাহের মজুমদারা
999 _c4474
_d4474